[Event "Waikato Open 2016"]
[Site "Hamilton NZL"]
[Date "2016.07.30"]
[Round "4.1"]
[White "Hague, Ben"]
[Black "Dive, Russell J"]
[Result "1-0"]
[WhiteElo "2480"]
[BlackElo "2440"]
[PlyCount "61"]
[EventDate "2016.07.29"]

1. e4 e5 2. Nf3 Nf6 3. Nxe5 d6 4. Nf3 Nxe4 5. Nc3 Nxc3 6. dxc3 Be7 7. Bf4 Nd7
8. Qd2 Nc5 9. O-O-O O-O 10. Be2 Re8 11. Rhe1 Bf6 12. Bc4 Be6 13. Bxe6 Rxe6 14.
Be3 Ne4 15. Qd3 Qd7 16. g4 Rae8 17. Rg1 Qa4 18. Kb1 Bxc3 19. bxc3 Qa3 20. Bd4
c5 21. c4 Qb4+ 22. Bb2 Nxf2 23. Qd5 Nxd1 24. Rxd1 Rg6 25. g5 Rge6 26. h4 Re4
27. Qxd6 Qxc4 28. Nd2 Qe2 29. Nxe4 Qxe4 30. Qxc5 Qxh4 31. Qe5 1-0

[Event "Waikato Open 2016"]
[Site "Hamilton NZL"]
[Date "2016.07.30"]
[Round "4.2"]
[White "Ang, Alphaeus Wei Ern"]
[Black "Fan, Allen Chi Zhou"]
[Result "1-0"]
[WhiteElo "2210"]
[BlackElo "2053"]
[PlyCount "45"]
[EventDate "2016.07.29"]

1. d4 Nf6 2. c4 g6 3. Nc3 Bg7 4. e4 d6 5. Be2 O-O 6. Be3 Nbd7 7. g4 e5 8. d5
Nc5 9. Bf3 a5 10. h4 Ne8 11. Be2 f5 12. gxf5 gxf5 13. exf5 Bxf5 14. Nf3 Ne4 15.
Ng5 Nxc3 16. bxc3 Qe7 17. Bg4 e4 18. Rc1 Kh8 19. Bxf5 Rxf5 20. Qh5 h6 21. Qg6
Bxc3+ 22. Rxc3 Rf6 23. Bd4 1-0

[Event "Waikato Open 2016"]
[Site "Hamilton NZL"]
[Date "2016.07.30"]
[Round "4.3"]
[White "James, Jack"]
[Black "Timergazi, Layla"]
[Result "1/2-1/2"]
[WhiteElo "2118"]
[BlackElo "2105"]
[PlyCount "27"]
[EventDate "2016.07.29"]

1. e4 c6 2. Nc3 d5 3. Nf3 Bg4 4. h3 Bxf3 5. Qxf3 e6 6. d3 Nd7 7. Be2 Bb4 8. O-O
Ngf6 9. exd5 cxd5 10. Qg3 O-O 11. d4 Rc8 12. Bd3 Bxc3 13. bxc3 Qc7 14. Qxc7
1/2-1/2

[Event "Waikato Open 2016"]
[Site "Hamilton NZL"]
[Date "2016.07.30"]
[Round "4.4"]
[White "Dare, Richard J"]
[Black "Carbonnier, Arnaud"]
[Result "0-1"]
[WhiteElo "1815"]
[BlackElo "1736"]
[PlyCount "54"]
[EventDate "2016.07.29"]

1. Nf3 d5 2. d4 Nf6 3. g3 e6 4. Bg2 Be7 5. O-O O-O 6. Nbd2 Bd7 7. c4 Bc6 8. Ne5
Be8 9. Qb3 b6 10. cxd5 exd5 11. Ndf3 Na6 12. Bg5 c5 13. a3 c4 14. Qc2 Rc8 15.
Bxf6 Bxf6 16. e4 Bxe5 17. Nxe5 f6 18. Ng4 Bg6 19. Qa4 Nc7 20. exd5 Nxd5 21.
Qxa7 Rf7 22. Bxd5 Qxd5 23. Qxb6 Rb7 24. Ne3 Qd7 25. Qa5 Be4 26. Rfe1 Qh3 27. f3
Rxb2 0-1

[Event "Waikato Open 2016"]
[Site "Hamilton NZL"]
[Date "2016.07.30"]
[Round "4.5"]
[White "Post, Martin J"]
[Black "Picken, Oliver"]
[Result "1/2-1/2"]
[WhiteElo "1933"]
[BlackElo "1751"]
[PlyCount "141"]
[EventDate "2016.07.29"]

1. Nf3 f5 2. c4 Nf6 3. d4 e6 4. Nc3 d5 5. cxd5 exd5 6. e3 c6 7. Bd3 Bd6 8. Qc2
Ne4 9. h4 O-O 10. a3 a5 11. b3 b5 12. Bb2 Nd7 13. O-O-O b4 14. Nb1 bxa3 15.
Nxa3 Qe7 16. Nb1 c5 17. Bxe4 fxe4 18. Ne5 Nxe5 19. dxe5 Bxe5 20. Rxd5 Bxb2+ 21.
Qxb2 Be6 22. Re5 Qd6 23. Rd1 Qc6 24. Qc2 Rac8 25. Qxe4 Bxb3 26. Qxc6 Rxc6 27.
Rd2 a4 28. Kb2 c4 29. Nc3 Rb6 30. Ka3 Rff6 31. Re7 Rfd6 32. Rd5 Rxd5 33. Nxd5
Rd6 34. e4 Rc6 35. Rd7 Kf8 36. Nc3 Rg6 37. g3 Rf6 38. Rd2 Rf3 39. Kb4 Rd3 40.
Re2 a3 41. e5 Rf3 42. Rd2 Ke8 43. Na2 h5 44. Re2 Rd3 45. Nc3 Ke7 46. Na2 Ke6
47. Nc3 g6 48. Na2 Rd5 49. f4 Rd3 50. Rg2 Re3 51. Kxa3 Kd5 52. Kb2 Ke4 53. Nc3+
Kf3 54. Rd2 Kxg3 55. Re2 Rxe2+ 56. Nxe2+ Kf3 57. Nd4+ Kxf4 58. e6 Ba4 59. Kc3
Kg4 60. Kxc4 Be8 61. Kd5 Kxh4 62. Ke4 Kg5 63. Ke5 h4 64. Ke4 Kf6 65. Kf4 Ba4
66. Nf3 Be8 67. Nd4 g5+ 68. Ke3 g4 69. e7 Ba4 70. Kf4 Bd7 71. e8=Q 1/2-1/2

[Event "Waikato Open 2016"]
[Site "Hamilton NZL"]
[Date "2016.07.30"]
[Round "4.6"]
[White "Wright, Caleb"]
[Black "Russell, M K A."]
[Result "0-1"]
[WhiteElo "1951"]
[BlackElo "2214"]
[PlyCount "86"]
[EventDate "2016.07.29"]

1. c4 c6 2. g3 d5 3. Nf3 Nf6 4. Bg2 Nbd7 5. d4 dxc4 6. Qc2 Nb6 7. e3 Qd5 8. O-O
Bf5 9. Qd1 Qd8 10. Ne5 Nfd7 11. Nxd7 Qxd7 12. e4 Bh3 13. Be3 Bxg2 14. Kxg2 Rd8
15. Qc2 h5 16. h4 g5 17. Bxg5 Qxd4 18. Be3 Qd3 19. Rc1 e6 20. Nd2 Bh6 21. Bxh6
Rxh6 22. Nxc4 Nxc4 23. Qxc4 Qxc4 24. Rxc4 Rd2 25. Rb4 Rf6 26. Rf1 b5 27. Kg1 a5
28. Rb3 a4 29. Rb4 e5 30. a3 Rf3 31. Kg2 Re3 32. Kg1 Red3 33. Re1 Rf3 34. Rf1
Kd7 35. Kg2 Rfd3 36. Rb1 Re2 37. b3 axb3 38. R1xb3 Rxb3 39. Rxb3 Rxe4 40. Kf3
Rc4 41. Ke3 f5 42. Rd3+ Ke6 43. f3 f4+ 0-1

[Event "Waikato Open 2016"]
[Site "Hamilton NZL"]
[Date "2016.07.30"]
[Round "4.7"]
[White "Mistry, Prashant"]
[Black "Lourenco, Eva"]
[Result "1-0"]
[WhiteElo "1646"]
[BlackElo "1099"]
[PlyCount "49"]
[EventDate "2016.07.29"]

1. e4 c5 2. Nf3 Nc6 3. Bc4 e6 4. O-O g6 5. c3 Bg7 6. d4 cxd4 7. cxd4 Nge7 8. d5
exd5 9. exd5 Ne5 10. d6 N7c6 11. Bb3 O-O 12. Nc3 a6 13. Ng5 b5 14. a4 b4 15.
Nd5 h6 16. Ne4 a5 17. f4 Ba6 18. fxe5 Bxf1 19. Nef6+ Kh8 20. Qxf1 Nxe5 21. Be3
h5 22. Qf4 Ng4 23. Nxg4 hxg4 24. Ne7 Bxb2 25. Qh6# 1-0